[Event "URU-ch Seniors 50+"]
[Site "Montevideo"]
[Date "2021.09.24"]
[Round "1"]
[White "Alvarez, Miguel"]
[Black "Romero, Robert"]
[Result "0-1"]
[WhiteElo "1765"]
[BlackElo "1571"]
[PlyCount "74"]
[EventDate "2021.09.24"]
[EventType "swiss"]
[EventRounds "5"]
[EventCountry "URU"]
[SourceTitle "EXT 2023"]
[Source "ChessBase"]
[SourceDate "2022.10.05"]
[SourceVersion "1"]
[SourceVersionDate "2022.10.05"]
[SourceQuality "1"]

1. e4 c5 2. Nf3 d6 3. d4 cxd4 4. Nxd4 Nf6 5. Nc3 a6 6. Be2 e6 7. Be3 Be7 8. Qd2 0-0 9. 0-0 Bd7 10. f4 Nc6 11. Bf3 Nxd4 12. Bxd4 Bc6 13. Rad1 Nd7 14. Qf2 Qc7 15. Kh1 e5 16. fxe5 dxe5 17. Be3 b5 18. Qg3 Rfe8 19. Nd5 Bxd5 20. exd5 Bd6 21. Be4 Nf8 22. Bh6 Ng6 23. Be3 Kh8 24. Rf3 Qc4 25. Bxg6 fxg6 26. b3 Qxc2 27. Rc1 Qxa2 28. Qh4 e4 29. Rh3 h5 30. Qg5 Kh7 31. Bd4 Re7 32. Rc6 Qb1+ 33. Bg1 Re5 34. Qf4 Rf8 35. Qe3 Rxd5 36. Qb6 Rf1 37. Rxd6 Rxd6 0-1

[Event "Montevideo zt 2.5"]
[Site "Montevideo"]
[Date "2019.04.17"]
[Round "7"]
[White "Romero, Robert"]
[Black "Moccero, Eduardo"]
[Result "0-1"]
[WhiteElo "1599"]
[BlackElo "1939"]
[PlyCount "76"]
[EventDate "2019.04.13"]
[EventType "swiss"]
[EventRounds "9"]
[EventCountry "URU"]
[SourceTitle "CBM 189 Extra"]
[Source "ChessBase"]
[SourceDate "2019.06.03"]
[SourceVersion "1"]
[SourceVersionDate "2019.06.03"]
[SourceQuality "1"]

1. e4 d5 2. exd5 Qxd5 3. Nc3 Qa5 4. d4 Nf6 5. Bd2 c6 6. Bc4 Bf5 7. Bb3 e6 8. Nf3 Nbd7 9. Qe2 Qc7 10. h3 Be7 11. a3 a5 12. Nh4 Bg6 13. Nxg6 hxg6 14. a4 Rd8 15. 0-0-0 0-0 16. g4 Nb6 17. Bg5 Nbd5 18. Qf3 Nxc3 19. bxc3 b5 20. h4 bxa4 21. Bxa4 Ba3+ 22. Kd2 c5 23. Bxf6 gxf6 24. Qxf6 cxd4 25. Ke2 Be7 26. Qf3 Qc4+ 27. Qd3 Qxa4 28. Ra1 Qc6 29. Rh3 dxc3 30. Qe3 Rd2+ 31. Ke1 Qg2 32. Qg3 Qxg3 33. Rxg3 Rxc2 34. Rxa5 Rb8 35. Ra1 Rbb2 36. g5 Rxf2 37. h5 Rh2 38. Ra8+ Bf8 0-1

[Event "Montevideo zt 2.5"]
[Site "Montevideo"]
[Date "2019.04.16"]
[Round "6"]
[White "Reolon, Victor"]
[Black "Romero, Robert"]
[Result "0-1"]
[WhiteElo "1659"]
[BlackElo "1599"]
[PlyCount "76"]
[EventDate "2019.04.13"]
[EventType "swiss"]
[EventRounds "9"]
[EventCountry "URU"]
[SourceTitle "CBM 189 Extra"]
[Source "ChessBase"]
[SourceDate "2019.06.03"]
[SourceVersion "1"]
[SourceVersionDate "2019.06.03"]
[SourceQuality "1"]

1. d4 Nf6 2. c4 e6 3. Nc3 d5 4. Nf3 c6 5. e3 Be7 6. a3 0-0 7. Bd3 dxc4 8. Bxc4 Nbd7 9. 0-0 Nb6 10. Bd3 Nbd5 11. e4 Nxc3 12. bxc3 c5 13. Qe2 b6 14. e5 Nd5 15. c4 Nc7 16. dxc5 Bxc5 17. Qe4 g6 18. Bh6 Re8 19. Rfd1 Rb8 20. Qg4 Qe7 21. Bg5 Qf8 22. Bf6 Be7 23. h4 Bxf6 24. exf6 e5 25. Qg5 e4 26. Qf4 exf3 27. Qxc7 Rb7 28. Qg3 fxg2 29. Qxg2 h5 30. Be4 Rc7 31. Rd3 Rxc4 32. Bd5 Rg4 33. Rg3 Qd6 34. Rd1 Qxf6 35. Bf3 Rxh4 36. Rg5 Bg4 37. Bc6 Bxd1 38. Bxe8 Bf3 0-1

[Event "Montevideo zt 2.5"]
[Site "Montevideo"]
[Date "2019.04.14"]
[Round "2"]
[White "Romero, Robert"]
[Black "Lanzilotta Mernies, Marcelo"]
[Result "0-1"]
[WhiteElo "1599"]
[BlackElo "1972"]
[PlyCount "110"]
[EventDate "2019.04.13"]
[EventType "swiss"]
[EventRounds "9"]
[EventCountry "URU"]
[SourceTitle "CBM 189 Extra"]
[Source "ChessBase"]
[SourceDate "2019.06.03"]
[SourceVersion "1"]
[SourceVersionDate "2019.06.03"]
[SourceQuality "1"]

1. e4 c5 2. Nf3 d6 3. d4 cxd4 4. Nxd4 Nf6 5. Nc3 g6 6. Bg5 Bg7 7. h4 Nc6 8. Nxc6 bxc6 9. Bd3 Rb8 10. Rb1 Be6 11. 0-0 Qa5 12. a3 0-0 13. Re1 Rb7 14. Bd2 Qc7 15. Bf4 Rfb8 16. b3 Nd7 17. Na4 a5 18. h5 c5 19. hxg6 hxg6 20. Ba6 Ra7 21. Qd3 g5 22. Bg3 Be5 23. Bc4 Bxc4 24. bxc4 Rab7 25. Rxb7 Rxb7 26. Nc3 Bxc3 27. Qxc3 f6 28. f4 gxf4 29. Bxf4 Ne5 30. Qg3+ Kf7 31. Qh3 Ke8 32. Bxe5 fxe5 33. Qe6 Qc6 34. Re3 Kd8 35. g4 Qd7 36. Qxd7+ Kxd7 37. g5 Ke6 38. Rf3 Rb8 39. Kg2 Rg8 40. Rg3 Kf7 41. Rf3+ Kg6 42. Rb3 Rf8 43. Rb7 Kxg5 44. Rxe7 Kf4 45. Ra7 Kxe4 46. Rxa5 Kd4 47. Ra6 Rf6 48. a4 e4 49. Rb6 e3 50. Rb1 Kxc4 51. a5 d5 52. Rb6 Rf2+ 53. Kg1 Rxc2 54. Rb1 Ra2 55. Rc1+ Kd4 0-1

[Event "Montevideo Duchamp Cup 3rd"]
[Site "Montevideo"]
[Date "2019.02.15"]
[Round "8"]
[White "Osinaga, Eduardo"]
[Black "Romero, Robert"]
[Result "1/2-1/2"]
[WhiteElo "1755"]
[BlackElo "1551"]
[PlyCount "107"]
[EventDate "2019.02.09"]
[EventType "swiss"]
[EventRounds "9"]
[EventCountry "URU"]
[SourceTitle "CBM 189 Extra"]
[Source "ChessBase"]
[SourceDate "2019.06.03"]
[SourceVersion "1"]
[SourceVersionDate "2019.06.03"]
[SourceQuality "1"]

1. e4 c5 2. Nf3 d6 3. d4 cxd4 4. Nxd4 Nf6 5. Nc3 a6 6. Bc4 e6 7. 0-0 Be7 8. Be3 0-0 9. Kh1 b5 10. Bd3 Bb7 11. f3 Nbd7 12. Qe1 Ne5 13. Qg3 Kh8 14. f4 Nxd3 15. cxd3 Rc8 16. a3 Nd7 17. Nf3 Nc5 18. Rad1 Qc7 19. Bd4 Rg8 20. Ng5 Bxg5 21. Qxg5 e5 22. fxe5 Ne6 23. exd6 Qxd6 24. Be5 Qc5 25. Qg3 f6 26. Bd6 Qd4 27. Bf4 Nxf4 28. Rxf4 Rc5 29. Qf2 Qd6 30. d4 Rc4 31. d5 Re8 32. Rh4 Re5 33. Qa7 Bc8 34. Qf7 Qd8 35. Qg6 Qg8 36. Qg3 Bd7 37. h3 a5 38. Rf4 b4 39. Qd3 Qc8 40. axb4 axb4 41. Ne2 h6 42. Nd4 Rc1 43. Rff1 Rc4 44. Rfe1 Kh7 45. Nc6 Rxc6 46. dxc6 Bxc6 47. Qc4 Qb7 48. Rd4 f5 49. Qxb4 Rb5 50. Qf8 Bxe4 51. Rd2 Rxb2 52. Rxe4 Rb1+ 53. Kh2 Qxe4 54. Rf2 1/2-1/2

[Event "Montevideo Trebejos op 03"]
[Site "Montevideo"]
[Date "2017.03.07"]
[Round "2"]
[White "Romero, Robert"]
[Black "Cuello Toledo, Guzman"]
[Result "0-1"]
[WhiteElo "1558"]
[BlackElo "1868"]
[PlyCount "76"]
[EventDate "2017.03.06"]
[EventType "swiss"]
[EventRounds "7"]
[EventCountry "URU"]
[SourceTitle "CBM 177 Extra"]
[Source "ChessBase"]
[SourceDate "2017.04.27"]
[SourceVersion "1"]
[SourceVersionDate "2017.04.27"]
[SourceQuality "1"]

1. e4 c5 2. Nf3 Nc6 3. d4 cxd4 4. Nxd4 e5 5. Nf3 Nf6 6. Bg5 h6 7. Bh4 d6 8. h3 Be7 9. Nc3 Be6 10. Be2 a6 11. 0-0 0-0 12. a3 Qc7 13. Rc1 Rfd8 14. Bxf6 Bxf6 15. Nd5 Bxd5 16. exd5 Ne7 17. c4 Rac8 18. b3 Qa5 19. a4 Ng6 20. g3 Qc5 21. Nd2 Qb6 22. Ne4 Be7 23. Bh5 Nh8 24. Kh1 f5 25. Nd2 e4 26. f4 g6 27. Be2 Bf6 28. g4 Qe3 29. Nf3 exf3 30. Rxf3 Qd4 31. Rd3 Qxf4 32. gxf5 Be5 33. Qg1 Qe4+ 34. Qg2 Qxg2+ 35. Kxg2 gxf5 36. Bh5 Rd7 37. Rf3 Rg7+ 38. Kf2 Rg5 0-1

[Event "Montevideo Trebejos op 03"]
[Site "Montevideo"]
[Date "2017.03.06"]
[Round "1"]
[White "Gomez Troccoli, Martin"]
[Black "Romero, Robert"]
[Result "1-0"]
[WhiteElo "1885"]
[BlackElo "1558"]
[PlyCount "95"]
[EventDate "2017.03.06"]
[EventType "swiss"]
[EventRounds "7"]
[EventCountry "URU"]
[SourceTitle "CBM 177 Extra"]
[Source "ChessBase"]
[SourceDate "2017.04.27"]
[SourceVersion "1"]
[SourceVersionDate "2017.04.27"]
[SourceQuality "1"]

1. e4 e5 2. Nf3 Nc6 3. Bc4 Bc5 4. d3 d6 5. Bg5 Nf6 6. Nc3 Be6 7. Bb3 h6 8. Bh4 Nd4 9. Nxd4 exd4 10. Ne2 Qd7 11. f3 Bxb3 12. axb3 a6 13. Bf2 Bb4+ 14. c3 dxc3 15. bxc3 Bc5 16. d4 Bb6 17. 0-0 0-0 18. c4 c6 19. Kh1 Bc7 20. Nc3 Nh5 21. d5 Rfe8 22. Be3 Nf6 23. Qd2 Kh7 24. Rad1 Re5 25. Bf4 Ree8 26. dxc6 Qxc6 27. Nd5 Nxd5 28. Qxd5 Qxd5 29. Rxd5 Re6 30. Rfd1 b6 31. Kg1 a5 32. Bxd6 Bxd6 33. Rxd6 Rxd6 34. Rxd6 Rb8 35. Rd5 Rb7 36. h4 f6 37. h5 Kg8 38. Kf2 Kf7 39. Ke3 Ke6 40. g4 Ra7 41. Rb5 Ra6 42. f4 Ke7 43. Kd4 a4 44. bxa4 Rxa4 45. Rxb6 Ra1 46. Rb7+ Kf8 47. c5 Rg1 48. c6 1-0

[Event "Montevideo Duchamp Cup 1st"]
[Site "Montevideo"]
[Date "2017.02.10"]
[Round "2"]
[White "Suarez, Pedro Martin"]
[Black "Romero, Robert"]
[Result "0-1"]
[WhiteElo "1785"]
[BlackElo "1576"]
[PlyCount "82"]
[EventDate "2017.02.09"]
[EventType "swiss"]
[EventRounds "9"]
[EventCountry "URU"]
[SourceTitle "CBM 176 Extra"]
[Source "ChessBase"]
[SourceDate "2017.03.02"]
[SourceVersion "1"]
[SourceVersionDate "2017.03.02"]
[SourceQuality "1"]

1. d4 Nf6 2. c4 e6 3. Nc3 Bb4 4. e3 Bxc3+ 5. bxc3 b6 6. Bd3 d6 7. Ne2 Bb7 8. f3 Nbd7 9. 0-0 Qe7 10. e4 0-0 11. Be3 Rac8 12. Qd2 c5 13. Rac1 Rfe8 14. Ng3 Nf8 15. Rfd1 N6d7 16. a4 a5 17. f4 Bc6 18. Ra1 Nf6 19. d5 Bd7 20. Bf2 Ng4 21. Rdb1 Rb8 22. h3 Nxf2 23. Qxf2 Qf6 24. Qd2 Ng6 25. Ne2 Nh4 26. Kh1 Qg6 27. g3 exd5 28. exd5 Nf3 29. Qd1 Qh6 30. h4 Re3 31. Kg2 Nxh4+ 32. Kf2 Rf3+ 33. Ke1 Ng2+ 34. Kd2 Bg4 35. Qh1 Rxd3+ 36. Kxd3 Qg6+ 37. Kd2 Qe4 38. Qf1 Ne3 39. Qf2 Nxc4+ 40. Kc1 Bxe2 41. Ra2 Bd3 0-1

[Event "Montevideo Duchamp Cup 1st"]
[Site "Montevideo"]
[Date "2017.02.09"]
[Round "1"]
[White "Romero, Robert"]
[Black "Escofet Fernandez, Jaime"]
[Result "0-1"]
[WhiteElo "1576"]
[BlackElo "2011"]
[PlyCount "132"]
[EventDate "2017.02.09"]
[EventType "swiss"]
[EventRounds "9"]
[EventCountry "URU"]
[SourceTitle "CBM 176 Extra"]
[Source "ChessBase"]
[SourceDate "2017.03.02"]
[SourceVersion "1"]
[SourceVersionDate "2017.03.02"]
[SourceQuality "1"]

1. e4 c6 2. Nf3 d5 3. exd5 cxd5 4. d4 Nc6 5. Nc3 Bg4 6. Be2 e6 7. a3 Nf6 8. h3 Bh5 9. Bg5 Be7 10. 0-0 0-0 11. Nh2 Bxe2 12. Nxe2 Ne4 13. Bxe7 Qxe7 14. Ng4 Rac8 15. c3 b5 16. Qd3 a6 17. Ng3 f5 18. Nh2 Na5 19. Nxe4 fxe4 20. Qe2 Nc4 21. Ng4 Rf4 22. Ne3 Rcf8 23. Nxc4 bxc4 24. f3 exf3 25. Rxf3 Rxf3 26. gxf3 Qg5+ 27. Qg2 Qe3+ 28. Qf2 Qxf3 29. Qxf3 Rxf3 30. Kg2 Rd3 31. Rb1 Kf7 32. Rf1+ Ke7 33. Rf2 Re3 34. Kh2 a5 35. Kg2 Re4 36. Kh2 Rh4 37. Kg2 Rh5 38. Kh2 Rf5 39. Re2 Kf6 40. Kg2 Kf7 41. Kh2 Rf6 42. Kg2 Kg6 43. Kg3 Kf5 44. Re5+ Kg6 45. Re2 Kf7 46. Kg2 Rf5 47. Kg3 Kf6 48. Kh2 g5 49. Kg3 h5 50. Kh2 e5 51. dxe5+ Rxe5 52. Rf2+ Ke6 53. Rd2 Kf5 54. Kg3 Re3+ 55. Kg2 Ke5 56. Kh2 a4 57. Rg2 Kf4 58. Rd2 Rd3 59. Rg2 g4 60. hxg4 hxg4 61. Rf2+ Ke4 62. Kg2 Ke3 63. Kg3 Rd2 64. Rf5 Ke4 65. Rf4+ Kd3 66. Kxg4 Kc2 0-1